MARC details
| 000 -LEADER |
| fixed length control field |
02891cam a2200529 i 4500 |
| 001 - CONTROL NUMBER |
| control field |
23120484 |
| 003 - CONTROL NUMBER IDENTIFIER |
| control field |
GZU |
| 005 - DATE AND TIME OF LATEST TRANSACTION |
| control field |
20240521123022.0 |
| 008 - FIXED-LENGTH DATA ELEMENTS--GENERAL INFORMATION |
| fixed length control field |
230509s2023 moua b 001 0 eng |
| 010 ## - LIBRARY OF CONGRESS CONTROL NUMBER |
| LC control number |
2023385099 |
| 015 ## - NATIONAL BIBLIOGRAPHY NUMBER |
| National bibliography number |
GBC1F2555 |
| Source |
bnb |
| 016 7# - NATIONAL BIBLIOGRAPHIC AGENCY CONTROL NUMBER |
| Record control number |
020326194 |
| Source |
Uk |
| 020 ## - INTERNATIONAL STANDARD BOOK NUMBER |
| International Standard Book Number |
9780323711975 |
| Qualifying information |
(paperback) |
| 022 ## - INTERNATIONAL STANDARD SERIAL NUMBER |
| International Standard Serial Number |
. |
| 035 ## - SYSTEM CONTROL NUMBER |
| System control number |
(OCoLC)on1272890338 |
| 040 ## - CATALOGING SOURCE |
| Original cataloging agency |
UKMGB |
| Language of cataloging |
eng |
| Transcribing agency |
UKMGB |
| Description conventions |
rda |
| Modifying agency |
OCLCO |
| -- |
OCLCF |
| -- |
OCLCO |
| -- |
EEM |
| -- |
WUM |
| -- |
DLC |
| 042 ## - AUTHENTICATION CODE |
| Authentication code |
lccopycat |
| 050 00 - LIBRARY OF CONGRESS CALL NUMBER |
| Classification number |
RB53 |
| Item number |
BRU 2023 |
| 100 1# - MAIN ENTRY--PERSONAL NAME |
| Personal name |
Brunzel, Nancy A., |
| Relator term |
author. |
| 245 10 - TITLE STATEMENT |
| Title |
Fundamentals of urine & body fluid analysis/ |
| Statement of responsibility, etc. |
Nancy A. Brunzel, MS, MLS(ASCP), University of Minnesota Medical Center, Minneapolis, Minnesota. |
| 246 3# - VARYING FORM OF TITLE |
| Title proper/short title |
Fundamentals of urine and body fluid analysis |
| 250 ## - EDITION STATEMENT |
| Edition statement |
Fifth edition. |
| 264 #1 - PRODUCTION, PUBLICATION, DISTRIBUTION, MANUFACTURE, AND COPYRIGHT NOTICE |
| Place of production, publication, distribution, manufacture |
St. Louis, Missouri: |
| Name of producer, publisher, distributor, manufacturer |
Elsevier, |
| Date of production, publication, distribution, manufacture, or copyright notice |
[2023] |
| 300 ## - PHYSICAL DESCRIPTION |
| Extent |
x, 442 pages: |
| Other physical details |
illustrations (chiefly color); |
| Dimensions |
28 cm |
| 336 ## - CONTENT TYPE |
| Content type term |
text |
| Source |
rdacontent |
| 337 ## - MEDIA TYPE |
| Media type term |
unmediated |
| Source |
rdamedia |
| 338 ## - CARRIER TYPE |
| Carrier type term |
volume |
| Source |
rdacarrier |
| 500 ## - GENERAL NOTE |
| General note |
Previous edition: 2018. |
| 504 ## - BIBLIOGRAPHY, ETC. NOTE |
| Bibliography, etc. note |
Includes bibliographical references and index. |
| 505 ## - FORMATTED CONTENTS NOTE |
| Formatted contents note |
. |
| 520 ## - SUMMARY, ETC. |
| Summary, etc. |
Learn how to accurately analyze urine and body fluids with Fundamentals of Urine and Body Fluid Analysis, 5th Edition. Known for its clear writing style, logical organization, and vivid full-color illustrations, this renowned text offers the perfect level and depth of information for understanding the fundamental principles of urine and body fluids frequently encountered in the clinical laboratory. This includes the collection and analysis of urine, fecal specimens, vaginal secretions, and other body fluids such as cerebrospinal, synovial, seminal, amniotic, pleural, pericardial, and peritoneal fluids. Author Nancy Brunzel also shares her extensive knowledge and expertise in the field as she highlights key information and walks you through essential techniques and procedures--showing you how to correlate data with your knowledge of basic anatomy and physiology in order to understand pathologic processes.-- |
| Assigning source |
Source other than the Library of Congress. |
| 650 #0 - SUBJECT ADDED ENTRY--TOPICAL TERM |
| Topical term or geographic name entry element |
Urine |
| General subdivision |
Analysis. |
| 650 #0 - SUBJECT ADDED ENTRY--TOPICAL TERM |
| Topical term or geographic name entry element |
Body fluids |
| General subdivision |
Analysis. |
| 650 #0 - SUBJECT ADDED ENTRY--TOPICAL TERM |
| Topical term or geographic name entry element |
Clinical chemistry. |
| 650 #2 - SUBJECT ADDED ENTRY--TOPICAL TERM |
| Topical term or geographic name entry element |
Urinalysis |
| 650 22 - SUBJECT ADDED ENTRY--TOPICAL TERM |
| Topical term or geographic name entry element |
Body Fluids |
| General subdivision |
chemistry |
| Authority record control number or standard number |
(DNLM)D001826Q000737 |
| 650 #2 - SUBJECT ADDED ENTRY--TOPICAL TERM |
| Topical term or geographic name entry element |
Chemistry, Clinical |
| Authority record control number or standard number |
(DNLM)D002624 |
| 650 #6 - SUBJECT ADDED ENTRY--TOPICAL TERM |
| Topical term or geographic name entry element |
Urine |
| General subdivision |
Analyse. |
| 650 #6 - SUBJECT ADDED ENTRY--TOPICAL TERM |
| Topical term or geographic name entry element |
Liquides organiques |
| General subdivision |
Analyse. |
| 650 #6 - SUBJECT ADDED ENTRY--TOPICAL TERM |
| Topical term or geographic name entry element |
Chimie clinique. |
| Authority record control number or standard number |
(CaQQLa)201-0016714 |
| 650 #7 - SUBJECT ADDED ENTRY--TOPICAL TERM |
| Topical term or geographic name entry element |
Body fluids |
| General subdivision |
Analysis. |
| Source of heading or term |
fast |
| Authority record control number or standard number |
(OCoLC)fst00835334 |
| 650 #7 - SUBJECT ADDED ENTRY--TOPICAL TERM |
| Topical term or geographic name entry element |
Clinical chemistry. |
| Source of heading or term |
fast |
| Authority record control number or standard number |
(OCoLC)fst00864330 |
| 650 #7 - SUBJECT ADDED ENTRY--TOPICAL TERM |
| Topical term or geographic name entry element |
Urine |
| General subdivision |
Analysis. |
| Source of heading or term |
fast |
| Authority record control number or standard number |
(OCoLC)fst0116297570 |
| 906 ## - LOCAL DATA ELEMENT F, LDF (RLIN) |
| a |
7 |
| b |
cbc |
| c |
orignew |
| d |
2 |
| e |
ncip |
| f |
20 |
| g |
y-gencatlg |
| 942 ## - ADDED ENTRY ELEMENTS (KOHA) |
| Source of classification or shelving scheme |
Library of Congress Classification |
| Koha item type |
Books |
| Edition |
Fifth edition |
| Classification part |
53 |
| Item part |
BRU |
| Call number prefix |
RB |